Statistics for World Currencies (Hard)

Click here to take the quiz!

General Stats

  • This quiz has been taken 51 times
  • The average score is 31 of 44

Answer Stats

CountryCurrencyCode% Correct
France (new)EuroEUR
98%
USADollarUSD
96%
JapanYenJPY
96%
SwitzerlandFrancCHF
93%
PhilippinesPesoPHP
93%
RussiaRubleRUB
93%
ThailandBahtTHB
91%
ChinaYuanRMB
91%
TurkeyLiraTRY
89%
PolandZlotyPLN
89%
SwedenKronaSEK
87%
NorwayKroneNOK
85%
Germany (old)MarkDEM
85%
IsraelShekelILS
85%
NepalRupeeNPR
83%
JordanDinarJOD
80%
North KoreaWonNPW
80%
BulgariaLevBGN
76%
UAEDirhamAED
74%
ParaguayGuaraniPYG
72%
MalaysiaRinggitMYR
72%
IndonesiaRupiahIDR
72%
HungaryForintHUF
70%
YemenRialYER
70%
PeruSolPEN
70%
Spain (old)PesetaESP
65%
UzbekistanSomUZS
65%
Macedonia (FYROM)DenarMKD
63%
MoldovaLeuMDL
63%
HondurasLempiraHNL
61%
SamoaTalaWST
61%
Portugal (old)EscudoPTE
59%
LesothoLotiLSL
59%
MozambicanMeticalMZN
59%
NigeriaNairaNGN
59%
CambodiaRielKHR
59%
MyanmarKyatMMK
57%
UKPound SterlingGBP
57%
HaitiGourdeHTG
50%
Austria (old)SchillingATS
48%
MauritaniaOuguiyaMRO
46%
MongoliaTugrikMNT
35%
MacauPatacaMOP
20%
SomaliaShilingSOS
20%

Score Distribution

Percentile by Number Answered

Percent of People with Each Score

Your Score History

You have not taken this quiz